Les clubs engagés en Ligue Europa ( 2016-2017) - Statistiques

Statistiques générales
  • Ce quiz a été pris 52 fois
  • Le résultat moyen est 19 sur 48
Statistiques - réponses
Groupe Pays Club % Correct
A Angleterre Manchester United
82%
G Pays-Bas Ajax Amsterdam
79%
C France AS Saint Etienne
79%
B Suisse BSC Young Boys
79%
I France OGC Nice
79%
C Belgique RSC Anderlecht
67%
F Espagne Athletic Bilbao
61%
A Turquie Fenerbahce SK
61%
A Pays-Bas Feyenoord Rotterdam
61%
L Roumanie Steaua Bucarest
61%
B Chypre APOEL Nicosie
58%
K Italie Inter Milan
58%
B Grèce Olympiakos
58%
K République Tchèque Sparta Prague
58%
F Belgique KRC Genk
55%
E Italie AS Rome
52%
H Portugal SC Braga
52%
J Italie AC Fiorentina
48%
B Kazakhstan FK Astana
48%
J Azerbaidjan Qarabag FK
48%
I Autriche Red Bull Salzbourg
48%
H Belgique KAA La Gantoise
42%
D Israel Maccabi Tel Aviv
42%
F Autriche Rapid Vienne
42%
I Allemagne Schalke 04
42%
D Russie Zénith Saint-Pétersbourg
42%
D Pays-Bas AZ Alkmaar
39%
L Suisse FC Zurich
36%
G Grèce Panathinaikos
36%
E République Tchèque Viktoria Plzen
33%
E Autriche Austria Vienne
30%
J Grèce PAOK Salonique
27%
C Azerbaidjan FK Qabala
21%
C Allemagne Mayence 05
21%
L Espagne Villarreal CF
21%
G Espagne Celta Vigo
18%
K Angleterre Southampton FC
18%
A Ukraine Zorya Louhansk
18%
D Irlande Dundalk FC
15%
I Russie FK Krasnodar
15%
G Belgique Standard de Liège
15%
F Italie US Sassuolo
12%
E Roumanie Astra Giurgiu
9%
K Israel Hapoel Beer Sheva
9%
H Ukraine Chakhtar Donetsk
6%
L Turquie Osmanlispor
6%
J République Tchèque Slovan Liberec
6%
H Turquie Konyaspor
3%
Aucun quiz correspondant
Distribution des résultats
% des personnes avec chaque résultat
Percentile par nombre de réponses
Votre historique - résultats
Vous n’avez pas pris ce quiz